000
00409nam a22001097a 4500
008
110615t xxu||||| |||| 00| 0 eng d
010
_a
CACAF41
245
_a
The Court of Appeal Criminal Appeal No. 52/97 Muyambi Edison Vs Uganda.
260
_c
1997
500
_a
Dated at Kampala this 24th .. day . of June .. 1998.
999
_c
3057
_d
3057